<?xml version="1.0" encoding="UTF-8"?>
<record
    xmlns:xsi="http://www.w3.org/2001/XMLSchema-instance"
    xsi:schemaLocation="http://www.loc.gov/MARC21/slim http://www.loc.gov/standards/marcxml/schema/MARC21slim.xsd"
    xmlns="http://www.loc.gov/MARC21/slim">

  <leader>01134nam a22002297a 4500</leader>
  <controlfield tag="003">BPGM</controlfield>
  <controlfield tag="008">260619s        mx a|||gr|||| 001 | SPA||</controlfield>
  <datafield tag="020" ind1=" " ind2=" ">
    <subfield code="a">978-607-513-016-3</subfield>
  </datafield>
  <datafield tag="040" ind1=" " ind2=" ">
    <subfield code="b">spa</subfield>
  </datafield>
  <datafield tag="041" ind1=" " ind2=" ">
    <subfield code="a">SPA</subfield>
    <subfield code="h">SPA</subfield>
  </datafield>
  <datafield tag="082" ind1="0" ind2="4">
    <subfield code="2">PRIMERA EDICI&#xD3;N, JUNIO 2012</subfield>
    <subfield code="a">CQ / 972 / V37</subfield>
    <subfield code="b">V37</subfield>
  </datafield>
  <datafield tag="100" ind1=" " ind2=" ">
    <subfield code="a">VASCONCELOS DUE&#xD1;AS, EMILIO</subfield>
    <subfield code="c">AUTOR</subfield>
  </datafield>
  <datafield tag="245" ind1=" " ind2=" ">
    <subfield code="a">&#xA1;SUFRAGIO EFECTIVO, NO REELECCI&#xD3;N!</subfield>
    <subfield code="b">A CIEN A&#xD1;OS VIGENTE</subfield>
  </datafield>
  <datafield tag="260" ind1=" " ind2=" ">
    <subfield code="a">QUER&#xC9;TARO, M&#xC9;XICO;</subfield>
    <subfield code="b">UNIVERSIDAD AUT&#xD3;NOMA DE QUER&#xC9;TARO;</subfield>
    <subfield code="c">JUNIO 2012;</subfield>
  </datafield>
  <datafield tag="300" ind1=" " ind2=" ">
    <subfield code="a">366 P&#xC1;GINAS;</subfield>
    <subfield code="c">21.5 CM X 17 CM</subfield>
  </datafield>
  <datafield tag="336" ind1=" " ind2=" ">
    <subfield code="2">rdacontent</subfield>
    <subfield code="a">texto</subfield>
    <subfield code="b">txt</subfield>
  </datafield>
  <datafield tag="337" ind1=" " ind2=" ">
    <subfield code="2">rdamedia</subfield>
    <subfield code="a">sin mediaci&#xF3;n</subfield>
    <subfield code="b">n</subfield>
  </datafield>
  <datafield tag="338" ind1=" " ind2=" ">
    <subfield code="2">rdacarrier</subfield>
    <subfield code="a">volumen </subfield>
    <subfield code="b">nc</subfield>
  </datafield>
  <datafield tag="505" ind1=" " ind2=" ">
    <subfield code="a">DESDE LA FUNDACI&#xD3;N DE LA M&#xCD;TICA TENOCHTITLAN, DONDE SE TRANSITA POR LA B&#xDA;SQUEDA DEL &#xC1;GUILA REAL QUE LUCHA CON LA SERPIENTE DE CASCABEL, HASTA LOS CUESTIONABLES EVENTOS QUE SUPERFICIALMENTE CONMEMORARON GESTAS SUSTANTIVAS EN ESTO DE HACER DE M&#xC9;XICO UNA NACI&#xD3;N S&#xD3;LIDA, LIBRE Y DEMOCR&#xC1;TICA, ESTE LIBRO ES UN SOMERO RECORRIDO POR LOS &#xDA;LTIMOS 685 A&#xD1;OS DE LA HISTORIA DE M&#xC9;XICO.</subfield>
  </datafield>
  <datafield tag="650" ind1=" " ind2=" ">
    <subfield code="a">HISTORIA DE M&#xC9;XICO</subfield>
    <subfield code="v">972</subfield>
    <subfield code="x">900</subfield>
    <subfield code="y">70</subfield>
    <subfield code="z">2</subfield>
  </datafield>
  <datafield tag="942" ind1=" " ind2=" ">
    <subfield code="2">ddc</subfield>
    <subfield code="c">COLQ</subfield>
  </datafield>
  <datafield tag="952" ind1=" " ind2=" ">
    <subfield code="0">0</subfield>
    <subfield code="1">0</subfield>
    <subfield code="2">ddc</subfield>
    <subfield code="4">0</subfield>
    <subfield code="7">2</subfield>
    <subfield code="8">GENERAL</subfield>
    <subfield code="a">BPCEFC</subfield>
    <subfield code="b">BPCEFC</subfield>
    <subfield code="c">ACCESO B PLANTA ALTA SALA QUER&#xC9;TARO</subfield>
    <subfield code="d">2026-06-19</subfield>
    <subfield code="e">DONACI&#xD3;N </subfield>
    <subfield code="l">0</subfield>
    <subfield code="o">CQ / 972 / V37</subfield>
    <subfield code="r">2026-06-19 16:25:08</subfield>
    <subfield code="t">EJ. 1</subfield>
    <subfield code="w">2026-06-19</subfield>
    <subfield code="y">COLQ</subfield>
  </datafield>
  <datafield tag="952" ind1=" " ind2=" ">
    <subfield code="0">0</subfield>
    <subfield code="1">0</subfield>
    <subfield code="2">ddc</subfield>
    <subfield code="4">0</subfield>
    <subfield code="7">2</subfield>
    <subfield code="8">GENERAL</subfield>
    <subfield code="a">BPCEFC</subfield>
    <subfield code="b">BPCEFC</subfield>
    <subfield code="c">ACCESO B PLANTA ALTA SALA QUER&#xC9;TARO</subfield>
    <subfield code="d">2026-06-19</subfield>
    <subfield code="e">DONACI&#xD3;N </subfield>
    <subfield code="l">0</subfield>
    <subfield code="o">CQ / 972 / V37</subfield>
    <subfield code="r">2026-06-19 16:25:08</subfield>
    <subfield code="t">EJ. 2</subfield>
    <subfield code="w">2026-06-19</subfield>
    <subfield code="y">COLQ</subfield>
  </datafield>
  <datafield tag="999" ind1=" " ind2=" ">
    <subfield code="c">68647</subfield>
    <subfield code="d">68647</subfield>
  </datafield>
</record>
